| 000 | 00744nam a2200181 i 4500 | ||
|---|---|---|---|
| 001 | 146823 | ||
| 003 | ES-MaACL | ||
| 005 | 20230906201701.0 | ||
| 007 | t| | ||
| 008 | 070918s1951 dr |||| | spa d | ||
| 100 | 1 |
_aTrujillo Molina, Rafael Leónidas. _9111579 |
|
| 245 | 1 | 0 |
_aDiscurso del Excmo. Sr. presidente Trujillo, dirigido... a la colonia española residente en el país _b: [tema: agradeciéndoles el homenaje que le hicieron] / _cRafael Leónidas Trujillo Molina. |
| 260 |
_aCiudad Trujillo : _b[s.n.], _c1951 ( _fImp. Dominicana) |
||
| 300 |
_a4 p. ; _c24 cm. |
||
| 651 | 4 |
_aEspaña- _xRelaciones- _zRepública Dominicana. _9169293 |
|
| 651 | 4 |
_aRepública Dominicana- _xRelaciones- _zEspaña. _9169294 |
|
| 852 |
_aES-MaACL _j1950-F-1 |
||
| 999 |
_c146823 _d146823 |
||